• 首页
  • 本馆介绍
  • 公告通知
  • 最新文献
  • 馆藏检索
  • 电子资源
  • 读者导购
  • 参考咨询
  • 我的图书馆
  • 登录
  • 详细信息显示
  • 放入我的书架
  • 预约/预借图书
  • 作者相关作品
  • 分类相关作品
  • 丛书相关作品
  • 出版社相关作品

书目信息

  • 表格格式
  • 工作单格式
  • 卡片格式
题名:
考研心理学历年真题与模拟试题精解
    
 
作者: 兴明明 主编
分册:  
出版信息: 北京   中国石化出版社  2015
页数: 298页
开本: 26cm
丛书名: 2016考研专业课专家指导丛书
单 册:
中图分类: B84-44
科图分类:
主题词: 心理学--Xin Li Xue--硕士生入学考试--题解
电子资源:
ISBN: 978-7-5114-3068-7
000 00982nam0 22002531 450
001 0121113128
005 20161122085607.93
010    @a978-7-5114-3068-7@dCNY40.00
100    @a20150423d2015 em y0chiy50 ea
101 0  @achi
102    @aCN@b110000
105    @ay zq 000yy
106    @ar
200 1  @a考研心理学历年真题与模拟试题精解@AKao Yan Xin Li Xue Li Nian Zhen Ti Yu Mo Ni Shi Ti Jing Jie@f兴明明主编
210    @a北京@c中国石化出版社@d2015
215    @a298页@d26cm
225 2  @a2016考研专业课专家指导丛书@A2016Kao Yan Zhuan Ye Ke Zhuan Jia Zhi Dao Cong Shu
330    @a本书分为历年真题与精解、模拟试题与解析两部分,收入2007-2014年全国硕士研究生入学统一考试心理学专业基础综合试题和五套模拟试题,并附有参考答案与解析。
461  0 @12001 @a2016考研专业课专家指导丛书
606 0  @a心理学@AXin Li Xue@x硕士生入学考试@j题解
690    @aB84-44@v5
701  0 @a兴明明@AXing Ming Ming@4主编
801  0 @aCN@bTANGWEI@c20161118
905    @b0899000-4@dB84-44@e1484@f5
    
    考研心理学历年真题与模拟试题精解/兴明明主编.-北京:中国石化出版社,2015
    298页;26cm.-(2016考研专业课专家指导丛书)
    
    
    ISBN 978-7-5114-3068-7:CNY40.00
    本书分为历年真题与精解、模拟试题与解析两部分,收入2007-2014年全国硕士研究生入学统一考试心理学专业基础综合试题和五套模拟试题,并附有参考答案与解析。
●
相关链接 在E读中查询图书 在五车中查询图书 在当当中查询图书 在豆瓣中查询图书


正题名:考研心理学历年真题与模拟试题精解     索取号:B84-44/1484         预约/预借

序号 登录号 条形码 馆藏地/架位号 状态 备注
1 0899000   208990001   第一样本阅览室/ [索取号:B84-44/1484] 在馆    
2 0899001   208990010   第一借阅区/ [索取号:B84-44/1484] 在馆    
3 0899002   208990029   第一借阅区/ [索取号:B84-44/1484] 在馆    
4 0899003   208990038   第一借阅区/ [索取号:B84-44/1484] 在馆    
5 0899004   208990047   第一借阅区/ [索取号:B84-44/1484] 在馆    
唐山师范学院图书馆 欢迎您!
大连网信软件有限公司© 版权所有